=LDR 00000nam 2200000 4500 =001 INLIS000000000009847 =005 20130612101622 =008 ***********************************Ind** =035 ##$$a0010-061300000009847 =041 ##$$a Ind =082 ##$$a 633.18 =090 ##$$a 633.18, And b =100 ##$$a Andoko, Agus =245 ##$$a Budidaya padi secara organik, Drs.Agus Andoko =260 ##$$a 2003 $b Jakarta =300 ##$$a viii,96 hlm., 20,5 cm =650 ##$$a Padi =850 ##$$a NBPNMAT =990 ##$$a 0001/BPAP-NTB/20142014